Seguro Social

Gorde:
Xehetasun bibliografikoak
Egile nagusia: Núñez, Francisco María
Formatua: Texto
Argitaratua: San José: Imprenta Borrasé
Etiketak: Etiketa erantsi
Etiketarik gabe, Izan zaitez lehena erregistro honi etiketa jartzen!

MARC

LEADER 00000 a a2200000 04500
001 16549
003
040
090 |a 012200  
100 |a Núñez, Francisco María  
245 |a Seguro Social  
260 |a San José:   |b Imprenta Borrasé  
300 |a 32 p.  
999 |c 12578  |d 12578